=LDR 00000nam 2200000 4500 =001 INLIS000000000007565 =005 20200901103843 =035 ##$$a 0010-061300000007565 =008 200901################g##########0#ind## =041 ##$$a Ind =082 ##$$a 2x0. 000 7 =090 ##$$a 2x0. 000 7 Ibn p =100 ##$$a Ibrahim, T =245 1#$$a Pendidikan agama islam untuk SMA 2 : $b Untuk kelas 2 semester 3, 4 /$c T. Ibrahim =260 ##$$a Surakarta :$b Intan Pariwara,$c 1990 =300 ##$$a 144 hlm. ; $c 21 x 15 cm. =650 #4$$a Agama Islam- Studi dan Pengajaran =084 ##$$a 2x0. 000 7 IBR p =250 ##$$a cet. 1 =990 ##$$a 37.986/Pb-91 =990 ##$$a 37.987/Pb-91 =990 ##$$a 37.991/Pb-91 =990 ##$$a 37.992/Pb-91 =990 ##$$a 37.993/Pb-91 =990 ##$$a 21197111/BPAP-NTB/2014 =990 ##$$a 60.334/Pro-93 =990 ##$$a 37.986/Pb-91 =990 ##$$a 37.987/Pb-91 =990 ##$$a 37.991/Pb-91 =990 ##$$a 37.992/Pb-91 =990 ##$$a 37.993/Pb-91 =990 ##$$a 37.993/Pb-91 =990 ##$$a 37.986/Pb-91 =990 ##$$a 37.987/Pb-91 =990 ##$$a 37.991/Pb-91 =990 ##$$a 37.992/Pb-91 =990 ##$$a 60.334/Pro-93 =990 ##$$a 37.993/Pb-91 =990 ##$$a 37.986/Pb-91 =990 ##$$a 37.987/Pb-91 =990 ##$$a 37.991/Pb-91 =990 ##$$a 37.992/Pb-91 =990 ##$$a 60.334/Pro-93 =990 ##$$a 37.992/Pb-91 =990 ##$$a 37.986/Pb-91 =990 ##$$a 37.987/Pb-91 =990 ##$$a 37.991/Pb-91 =990 ##$$a 37.993/Pb-91 =990 ##$$a 60.334/Pro-93 =990 ##$$a 37.991/Pb-91 =990 ##$$a 37.986/Pb-91 =990 ##$$a 37.987/Pb-91 =990 ##$$a 37.992/Pb-91 =990 ##$$a 37.993/Pb-91 =990 ##$$a 60.334/Pro-93 =990 ##$$a 37.987/Pb-91 =990 ##$$a 37.986/Pb-91 =990 ##$$a 37.991/Pb-91 =990 ##$$a 37.992/Pb-91 =990 ##$$a 37.993/Pb-91 =990 ##$$a 60.334/Pro-93 =990 ##$$a 37.986/Pb-91 =990 ##$$a 37.987/Pb-91 =990 ##$$a 37.991/Pb-91 =990 ##$$a 37.992/Pb-91 =990 ##$$a 37.993/Pb-91 =990 ##$$a 60.334/Pro-93